[Event "SR 3. liga A2 2004/2005"]
[Site "?"]
[Date "2004.??.??"]
[Round "?"]
[White "Manak, Jozef"]
[Black "Janko, Ladislav"]
[Result "0-1"]
[WhiteElo "2075"]
[BlackElo "2200"]
[Annotator "Gabcikovo - Piestany B"]
[PlyCount "86"]
[EventDate "2004.??.??"]

1. e4 c5 2. Nf3 d6 3. Bb5+ Bd7 4. Qe2 Nc6 5. O-O e6 6. c4 Nf6 7. d3 Be7 8. h3
O-O 9. Be3 a6 10. Bxc6 Bxc6 11. a4 b5 12. b3 bxc4 13. bxc4 Rb8 14. Qc2 Qb6 15.
Bd2 Qb3 16. Qxb3 Rxb3 17. Bc3 Rfb8 18. Nfd2 R3b7 19. a5 Nh5 20. g3 Bf6 21. Rc1
Bxc3 22. Rxc3 Rb2 23. Kf1 f5 24. Rc1 Nf6 25. exf5 exf5 26. Ke1 Bg2 27. f3 Bxh3
28. Kf2 f4 29. g4 h5 30. gxh5 Bf5 31. Ra3 Nxh5 32. Rd1 Ng3 33. Nc3 Bxd3 34. Na4
Be2 35. Nxb2 Rxb2 36. Ke1 Bxd1 37. Kxd1 Nf5 38. Kc1 Rb4 39. Kc2 Ne3+ 40. Kc3
Kf7 41. Kd3 d5 42. cxd5 Rd4+ 43. Kc3 Rxd2 0-1

[Event "SR 3. liga A2 2004/2005"]
[Site "?"]
[Date "2004.??.??"]
[Round "?"]
[White "Petenyi, Tamas"]
[Black "Stepanovic, Branislav"]
[Result "1-0"]
[WhiteElo "2035"]
[BlackElo "2055"]
[Annotator "Gabcikovo - Piestany B"]
[PlyCount "61"]
[EventDate "2004.??.??"]

1. e4 c5 2. Nf3 d6 3. d4 cxd4 4. Nxd4 Nf6 5. Nc3 a6 6. Be3 e6 7. f3 Be7 8. Qd2
e5 9. Nb3 Be6 10. O-O-O Nc6 11. Nd5 Bxd5 12. exd5 Nb8 13. g4 O-O 14. h4 Qc7 15.
h5 Rc8 16. Na1 Kf8 17. g5 Ng8 18. g6 h6 19. gxf7 Kxf7 20. Bh3 Rf8 21. Qd3 Bf6
22. Qg6+ Ke7 23. Rd3 Nd7 24. Qf5 Rf7 25. Rc3 Nc5 26. Kb1 e4 27. Bxc5 dxc5 28.
Qxe4+ Kf8 29. Re3 Re7 30. Be6 Qb6 31. c3 {cierny eas} 1-0

[Event "SR 3. liga A2 2004/2005"]
[Site "?"]
[Date "2004.??.??"]
[Round "?"]
[White "Pobjecky, Ivan"]
[Black "Puobis, Jozef"]
[Result "1/2-1/2"]
[WhiteElo "2010"]
[BlackElo "2060"]
[Annotator "Gabeikovo - Piestany B"]
[PlyCount "80"]
[EventDate "2004.??.??"]

1. e4 d5 2. exd5 Nf6 3. d4 Nxd5 4. c4 Nf6 5. Nc3 Nc6 6. d5 Ne5 7. Bf4 Ng6 8.
Bg3 e5 9. dxe6 Qxd1+ 10. Rxd1 Bxe6 11. Bd3 O-O-O 12. Nge2 Nh5 13. f4 Nxg3 14.
hxg3 Bg4 15. Nd5 c6 16. Ne3 Bb4+ 17. Kf1 Bxe2+ 18. Kxe2 h6 19. a3 Bc5 20. b4
Bd4 21. Kf3 Bxe3 22. Kxe3 Rhe8+ 23. Kf3 Kc7 24. g4 Rd4 25. Bxg6 Rxd1 26. Rxd1
fxg6 27. c5 Re6 28. Rd4 Rf6 29. Re4 Kd7 30. Re5 b5 31. Ke4 Re6 32. Kd4 Ke7 33.
Ke4 Kf6 34. g5+ hxg5 35. fxg5+ Ke7 36. Kf4 Rxe5 37. Kxe5 Kd7 38. Kd4 Ke6 39.
Ke4 a6 40. g3 Ke7 1/2-1/2

[Event "SR 3. liga A2 2004/2005"]
[Site "?"]
[Date "2004.??.??"]
[Round "?"]
[White "Kosar, Mikulas ml"]
[Black "Mihalik, Anton"]
[Result "1/2-1/2"]
[WhiteElo "2005"]
[BlackElo "2030"]
[Annotator "Gabcikovo - Piestany B"]
[PlyCount "108"]
[EventDate "2004.??.??"]

1. e4 c5 2. Nf3 d6 3. d4 cxd4 4. Nxd4 Nf6 5. Nc3 a6 6. a4 e6 7. Bg5 Be7 8. Nf3
Qc7 9. Bd3 Bd7 10. O-O Bc6 11. Re1 e5 12. Bc4 O-O 13. Bxf6 Bxf6 14. Bd5 Nd7 15.
a5 Rfd8 16. b4 Nf8 17. Rc1 Ng6 18. Ne2 Ne7 19. c4 Bxd5 20. cxd5 Qd7 21. Ng3 g6
22. Qd2 Rac8 23. h3 Rxc1 24. Rxc1 Rc8 25. Nh2 Rxc1+ 26. Qxc1 Qc8 27. Qe3 Qd7
28. Ng4 Bg7 29. Qg5 Kf8 30. Qe3 f5 31. Qf3 Kg8 32. exf5 gxf5 33. Nh2 e4 34. Qd1
Qb5 35. Qd2 h6 36. f3 Qxd5 37. Qxd5+ Nxd5 38. Nxf5 exf3 39. Nxf3 Bf8 40. N3d4
Kf7 41. b5 Nc7 42. bxa6 Nxa6 43. g4 Kf6 44. Kg2 Nc5 45. Kf3 Ke5 46. h4 d5 47.
Ke3 Kf6 48. Kf3 Ne4 49. Kf4 $11 Bb4 50. Nf3 Bxa5 51. Nxh6 Bc7+ 52. Ke3 Bb6+ 53.
Kd3 Kg6 54. g5 Nd6 1/2-1/2

[Event "SR 3. liga A2 2004/2005"]
[Site "?"]
[Date "2004.??.??"]
[Round "?"]
[White "Gono, Pavol"]
[Black "Kosar, Mikulas st"]
[Result "1/2-1/2"]
[WhiteElo "1940"]
[BlackElo "2075"]
[Annotator "Gabcikovo - Piestany B"]
[PlyCount "117"]
[EventDate "2004.??.??"]

1. e4 e5 2. Nf3 Nf6 3. Nxe5 d6 4. Nf3 Nxe4 5. Qe2 Qe7 6. d3 Nf6 7. Bg5 Qxe2+ 8.
Bxe2 Be7 9. Nbd2 Nc6 10. c3 O-O 11. O-O h6 12. Be3 Nd5 13. Nb3 Nxe3 14. fxe3
Bg4 15. e4 Ne5 16. d4 Nxf3+ 17. gxf3 Bh3 18. Rfd1 Bg5 19. Kf2 Bf4 20. Rh1 Rae8
21. Bc4 Kh8 22. Nc1 Bg5 23. Kg3 Bd7 24. Nd3 f5 25. e5 f4+ 26. Kg2 Bf5 27. h4
Bd8 28. Nxf4 dxe5 29. dxe5 Rxe5 30. Kg3 c6 31. Ng2 Bc7 32. f4 Ree8 33. Rad1 h5
34. Rhe1 Bg4 35. Rxe8 Rxe8 36. Rd2 Re7 37. Bf1 g6 38. Bc4 Kg7 39. Bf1 Kf6 40.
Rd3 Bf5 41. Rd2 Rd7 42. Rxd7 Bxd7 43. Ne3 Be6 44. a3 Bb6 45. Kf3 Ke7 46. Bd3
Kf6 47. Nc4 Bd5+ 48. Kg3 Bxc4 49. Bxc4 Be3 50. b3 Bd2 51. Bd3 Bxc3 52. Kf2 Bb2
53. a4 c5 54. Ke3 Bd4+ 55. Kf3 a5 56. Ke2 b6 57. Kf3 Bc3 58. Kf2 Bd4+ 59. Kf3
1/2-1/2

[Event "SR 3. liga A2 2004/2005"]
[Site "?"]
[Date "2004.??.??"]
[Round "?"]
[White "Kubica, Adrian"]
[Black "Furjel, Andrej"]
[Result "1/2-1/2"]
[WhiteElo "1950"]
[BlackElo "2005"]
[Annotator "Gabcikovo - Piestany B"]
[PlyCount "33"]
[EventDate "2004.??.??"]

1. e4 c5 2. Nf3 d6 3. Nc3 Nf6 4. d4 cxd4 5. Nxd4 a6 6. Bc4 e6 7. O-O Be7 8. Bg5
Nc6 9. Nxc6 bxc6 10. Qe2 O-O 11. Rad1 Qc7 12. f4 d5 13. Bb3 Nxe4 14. Nxe4 dxe4
15. Bxe7 Qxe7 16. Qxe4 Qa7+ 17. Qd4 1/2-1/2

[Event "SR 3. liga A2 2004/2005"]
[Site "?"]
[Date "2004.??.??"]
[Round "?"]
[White "Moravcik, Marian"]
[Black "Bott, Tamas"]
[Result "1-0"]
[WhiteElo "1995"]
[BlackElo "1625"]
[Annotator "Gabcikovo - Piestany B"]
[PlyCount "89"]
[EventDate "2004.??.??"]

1. e4 e5 2. Nf3 Nc6 3. Bb5 Bc5 4. c3 Nge7 5. d4 exd4 6. cxd4 Bb4+ 7. Nc3 d5 8.
e5 O-O 9. h3 f6 10. Bxc6 Nxc6 11. exf6 Qxf6 12. a3 Bxc3+ 13. bxc3 b6 14. Kf1
Ba6+ 15. Kg1 Rae8 16. Be3 Qg6 17. Kh2 Nd8 18. Ne5 Qf5 19. Qg4 Ne6 20. Qxf5 Rxf5
21. g3 c5 22. Rac1 Nc7 23. a4 Bc8 24. Kg2 Rf6 25. g4 b5 $11 26. a5 Ra6 27. Ra1
Rae6 28. f4 Rf8 29. dxc5 d4 30. Bxd4 Bb7+ 31. c6 Rxc6 32. Nxc6 Bxc6+ 33. Kg3
Bxh1 34. Rxh1 a6 35. Re1 Re8 36. Rxe8+ Nxe8 37. Be5 g6 38. Kf3 Kf7 39. Ke4 Ke7
40. Kd5 Kd7 41. Kc5 Nc7 42. Bxc7 Kxc7 43. f5 gxf5 44. gxf5 h5 45. f6 1-0

[Event "SR 3. liga A2 2004/2005"]
[Site "?"]
[Date "2004.??.??"]
[Round "?"]
[White "Vach, Pavol"]
[Black "Schmikli, Laszlo"]
[Result "1/2-1/2"]
[WhiteElo "2125"]
[BlackElo "2295"]
[Annotator "Senica B - Velky Meder"]
[PlyCount "65"]
[EventDate "2004.??.??"]

1. d4 f5 2. c4 Nf6 3. Nc3 g6 4. g3 Bg7 5. Bg2 c6 6. Nf3 O-O 7. O-O d6 8. Re1
Ne4 9. Qd3 Nxc3 10. Qxc3 c5 11. Qd3 Nc6 12. d5 Nb4 13. Qd1 e5 14. dxe6 Bxe6 15.
a3 Nc6 16. Qc2 Qf6 17. Ng5 Nd4 18. Qd3 Bd7 19. Bxb7 Rab8 20. Bd5+ Kh8 21. Be3
h6 22. Bxd4 cxd4 23. Nf3 Rxb2 24. Rab1 Rxb1 25. Rxb1 Bc8 26. Rd1 f4 27. Nxd4
fxg3 28. Qxg3 Re8 29. Qf3 Qh4 30. Qg3 Qf6 31. Qf3 Qh4 32. Qg3 Qf6 33. Qf3
1/2-1/2

[Event "SR 3. liga A2 2004/2005"]
[Site "?"]
[Date "2004.??.??"]
[Round "?"]
[White "Bors, Sandor"]
[Black "Palka, Miroslav"]
[Result "1-0"]
[WhiteElo "2140"]
[BlackElo "2040"]
[Annotator "Senica B - Velky Meder"]
[PlyCount "101"]
[EventDate "2004.??.??"]

1. e4 c5 2. Nf3 d6 3. d4 cxd4 4. Nxd4 Nf6 5. Nc3 g6 6. Be2 Bg7 7. O-O O-O 8.
Be3 Nc6 9. Kh1 Bd7 10. f4 Rc8 11. Nxc6 Bxc6 12. Bf3 Qa5 13. a3 a6 14. Qd2 Qc7
15. Qf2 b5 16. Rae1 Ba8 17. Bd4 e5 18. fxe5 dxe5 19. Be3 Qc4 20. Bg5 Qc5 21.
Qh4 Qb6 22. Bd1 Nd7 23. Bg4 f6 24. Be3 Qc7 25. Be6+ Kh8 26. Rf3 Rce8 27. Rh3 h5
28. Qg4 Nc5 29. Rxh5+ gxh5 30. Qxh5+ Bh6 31. Qxh6+ Qh7 32. Qxh7+ Kxh7 33. Bxc5
Rh8 34. Bd5 Bxd5 35. Nxd5 Kg6 36. g3 Rh7 37. Rf1 Re6 38. Rf2 Kg5 39. Kg2 Rf7
40. Rf5+ Kg6 41. h4 Kg7 42. h5 Rc6 43. b4 a5 44. g4 axb4 45. axb4 Ra6 46. c3
Ra2+ 47. Kg3 Re2 48. Be3 Rd7 49. Kf3 Re1 50. h6+ Kh8 51. Rxf6 1-0

[Event "SR 3. liga A2 2004/2005"]
[Site "?"]
[Date "2004.??.??"]
[Round "?"]
[White "Skapikova, Lubica"]
[Black "Ivan, Imrich ml"]
[Result "1-0"]
[WhiteElo "2000"]
[BlackElo "2020"]
[Annotator "Senica B - Velky Meder"]
[PlyCount "73"]
[EventDate "2004.??.??"]

1. e4 e6 2. d4 d5 3. Nc3 dxe4 4. Nxe4 Nd7 5. Nf3 Ngf6 6. Bg5 Be7 7. Bd3 Nxe4 8.
Bxe7 Qxe7 9. Bxe4 Qb4+ 10. Qd2 Qxb2 11. O-O Nf6 12. Bd3 O-O 13. Qa5 Qb6 14. Qg5
Qd6 15. Rfe1 b6 16. Qh4 h6 17. Re3 Bb7 18. Ne5 Rfd8 19. c3 Kf8 20. Qf4 c5 21.
Bc4 Bd5 22. Be2 cxd4 23. cxd4 Rac8 24. g4 Ke7 25. g5 hxg5 26. Qxg5 Rh8 27. h4
Rh6 28. Rg3 Rg8 29. Rc1 Bb7 30. Rgc3 Qd5 31. Bf3 Qxf3 32. Rxf3 Bxf3 33. Rc7+
Kd6 34. Rxf7 Bd5 35. Rxa7 Rh5 36. Nf7+ Kc6 37. Qc1+ 1-0

[Event "SR 3. liga A2 2004/2005"]
[Site "?"]
[Date "2004.??.??"]
[Round "?"]
[White "Csefalvay, Stefan"]
[Black "Zisek, Jaroslav"]
[Result "0-1"]
[WhiteElo "1905"]
[BlackElo "1770"]
[Annotator "Senica B - Velky Meder"]
[PlyCount "84"]
[EventDate "2004.??.??"]

1. Nf3 c5 2. g3 Nc6 3. Bg2 g6 4. c3 Bg7 5. O-O e5 6. e4 Nge7 7. d3 O-O 8. Be3
b6 9. Qd2 Ba6 10. Rd1 d5 11. Na3 Qd7 12. Qc2 Rac8 13. Qa4 Bb7 14. Bg5 f6 15.
Bd2 Kh8 16. Nc2 Rfd8 17. Nce1 Rc7 18. Rac1 Bc8 19. b4 Qd6 20. a3 Bd7 21. Qb3
Be6 22. Qa4 cxb4 23. axb4 Qd7 24. b5 Nb8 25. exd5 Bxd5 26. c4 Be6 27. Be3 Nf5
28. d4 Nxe3 29. fxe3 Qc8 30. Bf1 Bg4 31. Rd2 exd4 32. Rxd4 Re8 33. Qd1 Bh6 34.
Rc3 Nd7 35. e4 f5 36. exf5 Bxf5 37. Qb3 Bg7 38. Rcd3 Nc5 39. Qd1 Nxd3 40. Bxd3
Bxd4+ 41. Nxd4 Bxd3 42. Qxd3 Rxe1+ 0-1

[Event "SR 3. liga A2 2004/2005"]
[Site "?"]
[Date "2004.??.??"]
[Round "?"]
[White "Havlicek, Peter"]
[Black "Vizvari, Ludovit"]
[Result "0-1"]
[WhiteElo "1675"]
[BlackElo "1795"]
[Annotator "Senica B - Velky Meder"]
[PlyCount "98"]
[EventDate "2004.??.??"]

1. e4 c5 2. f4 d5 3. e5 Nc6 4. Nf3 Bg4 5. Be2 e6 6. O-O Nge7 7. c3 a6 8. h3 Bh5
9. g4 Bg6 10. d4 cxd4 11. cxd4 f5 12. Nc3 b5 13. a3 fxg4 14. hxg4 h5 15. Ng5
Bf7 16. f5 Qb6 17. Kg2 Qxd4 18. Qxd4 Nxd4 19. fxe6 Bxe6 20. Nxe6 Nxe6 21. gxh5
Nd4 22. Bg4 Nb3 23. Rb1 Nxc1 24. Rbxc1 Rh6 25. Rcd1 Rd8 26. Rd4 Nc6 27. Rdf4
Be7 28. Rf5 g6 29. hxg6 Rxg6 30. Kh3 Rg5 31. Bh5+ Kd7 32. Rxg5 Bxg5 33. Bg4+
Ke7 34. Rf5 Be3 35. Kg3 d4 36. Ne4 d3 37. Rh5 Rf8 38. Rh7+ Rf7 39. Rxf7+ Kxf7
40. e6+ Ke7 41. Kf3 Bc1 42. Nc5 Ne5+ 43. Ke4 Nxg4 44. Nxd3 Nf2+ 45. Nxf2 Bxb2
46. a4 bxa4 47. Kd3 a3 48. Kc2 Bd4 49. Nd1 a2 0-1

[Event "SR 3. liga A2 2004/2005"]
[Site "?"]
[Date "2004.??.??"]
[Round "?"]
[White "Stetina, Erik"]
[Black "Hrubsa, Vladimir"]
[Result "0-1"]
[WhiteElo "1835"]
[BlackElo "1990"]
[Annotator "Trnava C - Skalica"]
[PlyCount "84"]
[EventDate "2004.??.??"]

1. e4 c5 2. c4 Nc6 3. Nc3 g6 4. g3 Bg7 5. Bg2 d6 6. Nge2 Nf6 7. O-O O-O 8. d3
Rb8 9. h3 Nd4 10. Be3 Nxe2+ 11. Qxe2 a6 12. f4 b5 13. e5 Nh5 14. Kh2 dxe5 15.
f5 bxc4 16. fxg6 hxg6 17. dxc4 Be6 18. Rad1 Qc7 19. Ne4 Rfc8 20. b3 Qa5 21. Ng5
Rb6 22. Nxe6 Rxe6 23. Bg5 e4 24. Bxe4 Qc3 25. Qg4 Qxg3+ 26. Qxg3 Nxg3 27. Kxg3
Rxe4 28. Rfe1 Rxe1 29. Rxe1 f6 30. Be3 Kf7 31. Kf3 e6 32. Rd1 Ke7 33. Rg1 Kf7
34. Rd1 Bf8 35. Rd7+ Be7 36. Rd1 Rh8 37. Kg3 Ke8 38. Rf1 Rh5 39. Bf4 Rf5 40.
Rd1 e5 41. Be3 e4 42. Kg4 Rf3 0-1

[Event "SR 3. liga A2 2004/2005"]
[Site "?"]
[Date "2004.??.??"]
[Round "?"]
[White "Vepy, Ivan"]
[Black "Halas, Miroslav"]
[Result "0-1"]
[WhiteElo "1890"]
[BlackElo "1830"]
[Annotator "Trnava C - Skalica"]
[PlyCount "86"]
[EventDate "2004.??.??"]

1. e4 c6 2. d4 d5 3. exd5 cxd5 4. Nf3 Bg4 5. Be2 Nd7 6. O-O Ngf6 7. Nc3 e6 8.
Bg5 Be7 9. Re1 O-O 10. h3 Bh5 11. Qc1 Rc8 12. Qe3 a6 13. Nh4 Bxe2 14. Rxe2 h6
15. Bxh6 gxh6 16. Qxh6 Nh7 17. Nf3 Bg5 18. Nxg5 Qxg5 19. Qxg5+ Nxg5 20. Rc1 Rc4
21. Re3 Nh7 22. Rd1 Rfc8 23. Rdd3 Ndf6 24. b3 R4c7 25. f4 Kf8 26. f5 exf5 27.
Rf3 f4 28. a4 Ke7 29. Ne2 Rxc2 30. Nxf4 Kd6 31. Rde3 Ne4 32. Nd3 Nhg5 33. Rf5
Rd2 34. Nc5 Rc7 35. h4 Ne6 36. Nxe4+ dxe4 37. Rxe4 Rxd4 38. Rxd4+ Nxd4 39. Rf1
Rc1 40. Kf2 Rxf1+ 41. Kxf1 Nf5 42. Kf2 Nxh4 43. g4 Ng6 0-1

[Event "SR 3. liga A2 2004/2005"]
[Site "?"]
[Date "2004.??.??"]
[Round "?"]
[White "Uvacek, Radovan"]
[Black "Vogl, Zdenek"]
[Result "1-0"]
[WhiteElo "1735"]
[BlackElo "1880"]
[Annotator "Trnava C - Skalica"]
[PlyCount "53"]
[EventDate "2004.??.??"]

1. e4 e5 2. Nf3 Nc6 3. Bc4 d6 4. d3 h6 5. O-O Bg4 6. h3 Bh5 7. c3 Na5 8. Qa4+
c6 9. Nbd2 b5 10. Bxb5 cxb5 11. Qxb5+ Ke7 12. b4 Rc8 13. bxa5 Rxc3 14. Rb1 Rc5
15. Qb7+ Rc7 16. Qa6 Qc8 17. Qxc8 Rxc8 18. Rb7+ Ke6 19. Rxa7 Be7 20. d4 f6 21.
d5+ Kf7 22. Ba3 Kf8 23. Rc1 Rxc1+ 24. Bxc1 g5 25. a6 f5 26. Ra8+ Kg7 27. a7 1-0

[Event "SR 3. liga A2 2004/2005"]
[Site "?"]
[Date "2004.??.??"]
[Round "?"]
[White "Jakubek, Martin"]
[Black "Jancik, Ondrej"]
[Result "1-0"]
[WhiteElo "1735"]
[BlackElo "1720"]
[Annotator "Trnava C - Skalica"]
[PlyCount "59"]
[EventDate "2004.??.??"]

1. e4 c5 2. d4 cxd4 3. c3 dxc3 4. Nxc3 Nc6 5. Nf3 d6 6. Bc4 Nf6 7. O-O e6 8.
Qe2 a6 9. Rd1 Qc7 10. Bf4 Be7 11. e5 dxe5 12. Nxe5 Nxe5 13. Bxe5 Qc6 14. Rac1
O-O 15. Bd3 Rd8 16. Nb5 Rxd3 17. Rxc6 Rxd1+ 18. Qxd1 bxc6 19. Bd6 cxb5 20. Bxe7
Nd5 21. Bc5 Bb7 22. Bd4 Rc8 23. h4 Rc4 24. b3 Rc7 25. Qg4 f5 26. Qe2 Re7 27.
Qe5 Nf6 28. Qb8+ Kf7 29. h5 Nxh5 30. Bc5 1-0

[Event "SR 3. liga A2 2004/2005"]
[Site "?"]
[Date "2004.??.??"]
[Round "?"]
[White "Pagac, Robert"]
[Black "Klanica, Anton"]
[Result "0-1"]
[WhiteElo "1800"]
[BlackElo "1700"]
[Annotator "Trnava C Skalica"]
[PlyCount "34"]
[EventDate "2004.??.??"]

1. e4 e6 2. d4 d5 3. exd5 exd5 4. Be2 Nf6 5. Nf3 Bg4 6. O-O Be7 7. Ne5 Bxe2 8.
Qxe2 O-O 9. Qb5 Qc8 10. Bg5 c6 11. Qd3 Re8 12. Nd2 Nbd7 13. f4 h6 14. Bxf6 Nxf6
15. Rae1 c5 16. c3 cxd4 17. Qxd4 Bc5 0-1

[Event "SR 3. liga A2 2004/2005"]
[Site "?"]
[Date "2004.??.??"]
[Round "?"]
[White "Lahucky, Pavol"]
[Black "Doucha, Ludvik"]
[Result "1-0"]
[WhiteElo "2085"]
[BlackElo "2130"]
[Annotator "Hlohovec jun. - Trnava B"]
[PlyCount "119"]
[EventDate "2004.??.??"]

1. c4 Nf6 2. Nc3 g6 3. e4 d6 4. f4 Bg7 5. Nf3 O-O 6. Be2 c5 7. O-O Nc6 8. d3
Rb8 9. h3 a6 10. g4 b5 11. Kg2 e6 12. Qe1 Nd4 13. Qf2 Nd7 14. cxb5 axb5 15.
Nxd4 cxd4 16. Nd1 f5 17. gxf5 gxf5 18. exf5 e5 19. Qg3 Kh8 20. Bg4 Nc5 21. fxe5
dxe5 22. b4 Nb7 23. h4 Bf6 24. Bg5 Nd6 25. Re1 Nf7 26. Bxf6+ Qxf6 27. Nf2 Rg8
28. Kh3 h5 29. Ne4 hxg4+ 30. Kh2 Qh6 31. Rf1 Bb7 32. Rae1 Rbc8 33. Nc5 Bf3 34.
Kg1 Qf6 35. Nd7 Qxf5 36. Nxe5 Rce8 37. Nxf7+ Qxf7 38. Qd6 Qg7 39. Qc5 Rgf8 40.
Rxe8 Rxe8 41. Qh5+ Kg8 42. Qxe8+ Kh7 43. Qh5+ Kg8 44. Qxb5 Qc7 45. Qg5+ Kh8 46.
Qh5+ Kg8 47. Qg5+ Kh8 48. Rxf3 gxf3 49. Qh5+ Kg7 50. Qxf3 Qc1+ 51. Kh2 Qc3 52.
b5 Kh7 53. Qf5+ Kh6 54. Kh3 Qa1 55. Qf4+ Kg6 56. Kg4 Qd1+ 57. Qf3 Qa4 58. h5+
Kg7 59. Qb7+ Kf6 60. Qa6+ 1-0

[Event "SR 3. liga A2 2004/2005"]
[Site "?"]
[Date "2004.??.??"]
[Round "?"]
[White "Puchart, Vladimir"]
[Black "Slamena, Michal"]
[Result "1-0"]
[WhiteElo "2085"]
[BlackElo "2085"]
[Annotator "Hlohovec jun. - Trnava B"]
[PlyCount "77"]
[EventDate "2004.??.??"]

1. d4 Nf6 2. c4 e5 3. dxe5 Ng4 4. e4 Nxe5 5. f4 Ng6 6. Be3 Bb4+ 7. Nc3 d6 8.
Bd3 Qe7 9. Nge2 f5 10. O-O Bxc3 11. Nxc3 O-O 12. Nd5 Qd8 13. Qh5 Ne7 14. Nxe7+
Qxe7 15. Rae1 Qf6 16. e5 dxe5 17. Bc5 g6 18. Qh6 Rd8 19. fxe5 Qf7 20. Be2 Be6
21. Bf3 Na6 22. Ba3 Rab8 23. b3 b6 24. Rd1 c5 25. Rd2 Rxd2 26. Qxd2 Nc7 27. Rd1
f4 28. Bc1 g5 29. Qd6 Ne8 30. Qxb8 Kg7 31. Rd6 Nxd6 32. exd6 Bd7 33. Bb2+ Kh6
34. Qd8 g4 35. Qh4+ Kg6 36. Be4+ Bf5 37. Qxg4+ Kh6 38. Bxf5 Qxf5 39. Bg7# 1-0

[Event "SR 3. liga A2 2004/2005"]
[Site "?"]
[Date "2004.??.??"]
[Round "?"]
[White "Hertel, Ondrej"]
[Black "Krist, Milan"]
[Result "1/2-1/2"]
[WhiteElo "1910"]
[BlackElo "2000"]
[Annotator "Hlohovec jun. - Trnava B"]
[PlyCount "73"]
[EventDate "2004.??.??"]

1. d4 d5 2. Nf3 Nf6 3. c4 e6 4. Bg5 c6 5. e3 Qa5+ 6. Nbd2 Ne4 7. Bf4 Bb4 8. Bd3
Nxd2 9. Nxd2 O-O 10. a3 Bxd2+ 11. Qxd2 Qxd2+ 12. Kxd2 Nd7 13. b4 dxc4 14. Bxc4
Nb6 15. Bd3 Nd5 16. Bg3 Bd7 17. e4 Nf6 18. Bh4 a6 19. Bxf6 gxf6 20. f4 Kh8 21.
Rhc1 Rfc8 22. Rc5 Rg8 23. g3 Rg6 24. Ke3 Rgg8 25. Rac1 Rge8 26. Rg1 b6 27. Rc3
b5 28. Ra1 a5 29. bxa5 Rxa5 30. Rb1 Rea8 31. Rbb3 Kg7 32. e5 fxe5 33. dxe5 Rc8
34. Rc5 Rca8 35. Rcc3 Rc8 $11 36. Kd4 Rb8 37. Ke3 $11 1/2-1/2

[Event "SR 3. liga A2 2004/2005"]
[Site "?"]
[Date "2004.??.??"]
[Round "?"]
[White "Puskas, Miroslav"]
[Black "Peska, Juraj"]
[Result "0-1"]
[WhiteElo "2100"]
[BlackElo "1845"]
[Annotator "Hlohovec jun. - Trnava B"]
[PlyCount "94"]
[EventDate "2004.??.??"]

1. e4 c5 2. Nf3 Nc6 3. d4 cxd4 4. Nxd4 Nf6 5. Nc3 g6 6. Be2 Bg7 7. Be3 Qa5 8.
Nb3 Qd8 9. Qd2 h6 10. f4 d6 11. h3 Be6 12. O-O Qd7 13. Rad1 O-O-O 14. Bf3 Bc4
15. Rfe1 e6 16. Qf2 b6 17. e5 Ne8 18. exd6 Nxd6 19. Na4 Ne7 20. Nxb6+ axb6 21.
Bxb6 Bd5 22. Qc5+ Qc6 23. Qxc6+ Bxc6 24. Na5 Bxf3 25. gxf3 Rd7 26. c3 Nd5 27.
Bd4 Bxd4+ 28. Rxd4 Ra7 29. Nc4 Nxc4 30. Rxc4+ Kd7 31. a3 Rb8 32. Re2 Rab7 33.
b4 Ra7 34. Ra2 Rba8 35. Rd4 Ke7 36. c4 Nxb4 37. Rb2 Nc6 38. Rdd2 Rxa3 39. Rb7+
Ke8 40. Rc7 Rd8 41. Rxd8+ Nxd8 42. Kf2 Ra6 43. Ke3 Rc6 44. Rxc6 Nxc6 45. h4 Ke7
46. c5 Kd7 47. Ke4 f6 0-1

[Event "SR 3. liga A2 2004/2005"]
[Site "?"]
[Date "2004.??.??"]
[Round "?"]
[White "Kollarik, Gorazd"]
[Black "Mosny, Jaroslav"]
[Result "1/2-1/2"]
[WhiteElo "1840"]
[BlackElo "2045"]
[Annotator "Hlohovec jun. - Trnava B"]
[PlyCount "92"]
[EventDate "2004.??.??"]

1. e4 c5 2. Nf3 Nc6 3. d4 cxd4 4. Nxd4 Nf6 5. Nc3 e5 6. Ndb5 d6 7. Bg5 a6 8.
Na3 b5 9. Bxf6 gxf6 10. Nd5 Rb8 11. Bd3 Be6 12. c3 f5 13. Qh5 Bg7 14. O-O f4
15. Nc2 O-O 16. g3 h6 17. gxf4 exf4 18. Nxf4 Ne5 19. Be2 Qg5+ 20. Qxg5 hxg5 21.
Nh5 Ng6 22. Ne3 Be5 23. Bg4 Nf4 24. Nxf4 Bxf4 25. Nf5 Bxf5 26. Bxf5 Kg7 27.
Rfd1 b4 28. cxb4 Rxb4 29. b3 a5 30. Rd3 Rh8 31. h3 Ra8 32. a3 Rb6 33. Bd7 Ra7
34. Be8 Rc7 35. Rb1 Re7 36. Ba4 Rxe4 37. Rbd1 Re2 38. Rd5 Ra2 39. Rxa5 Rxa3 40.
Rd3 Be5 41. Rad5 Rb4 42. Kg2 Ra2 43. Rd2 Rxd2 44. Rxd2 Kf6 45. Rd3 Ke6 46. Bc6
Rd4 1/2-1/2

[Event "SR 3. liga A2 2004/2005"]
[Site "?"]
[Date "2004.??.??"]
[Round "?"]
[White "Bukovsky, Milan"]
[Black "Filip, Frantisek"]
[Result "1-0"]
[WhiteElo "2045"]
[BlackElo "1825"]
[Annotator "Hlohovec jun. - Trnava B"]
[PlyCount "93"]
[EventDate "2004.??.??"]

1. c4 e5 2. Nc3 b6 3. Nf3 Nc6 4. g3 Bb7 5. Bg2 Nf6 6. Nxe5 Nxe5 7. Bxb7 Rb8 8.
Bd5 c6 9. d4 cxd5 10. dxe5 Ng4 11. Qxd5 Bc5 12. Ne4 Bb4+ 13. Bd2 Bxd2+ 14. Nxd2
O-O 15. h3 Nh6 16. O-O Rc8 17. Ne4 Nf5 18. Rfd1 Qc7 19. Rac1 Qb8 20. b3 Rc7 21.
Rc3 Ne7 22. Qd3 h6 23. Qf3 Ng6 24. Qf5 Qe8 25. f4 Qe7 26. Rcd3 Rd8 27. Rd6 Nf8
28. Qg4 Kh8 29. Qh5 Nh7 30. Nc3 Qf8 31. Qf5 Qe8 32. Nb5 Rb7 33. Qe4 Rdb8 34.
Qd5 a6 35. Nd4 Rc7 36. Nf5 Nf8 37. Qf3 Kh7 38. Qh5 Ne6 39. Qg4 g6 40. Nd4 Nf8
41. a4 Qe7 42. h4 h5 43. Qf3 Kg7 44. Qxh5 Qxd6 45. Nf5+ Kg8 46. exd6 gxh5 47.
dxc7 1-0

[Event "SR 3. liga A2 2004/2005"]
[Site "?"]
[Date "2004.??.??"]
[Round "?"]
[White "Barca, Michal"]
[Black "Vyboch, Jozef"]
[Result "0-1"]
[WhiteElo "1715"]
[BlackElo "1980"]
[Annotator "Hlohovec jun. - Trnava B"]
[PlyCount "76"]
[EventDate "2004.??.??"]

1. c4 g6 2. d4 Bg7 3. Nf3 d6 4. Nc3 Nf6 5. e3 O-O 6. Bd3 Nbd7 7. b4 e5 8. d5 e4
9. Nxe4 Nxe4 10. Rb1 Nc3 11. Qc2 Nxb1 12. Qxb1 Ne5 13. Nxe5 Bxe5 14. Bd2 Qg5
15. g3 Qf6 16. Qc2 Bf5 17. e4 Bg4 18. f4 Bd4 19. h4 Bf3 20. Rh2 Qe7 21. Kf1
Rae8 22. Qc1 Bxe4 23. Be2 c6 24. h5 cxd5 25. g4 dxc4 26. hxg6 hxg6 27. f5 Be5
28. Rh3 Bg7 29. Bh6 Bg2+ 30. Kxg2 Qxe2+ 31. Kg3 Qe1+ 32. Qxe1 Rxe1 33. Kf4 Rfe8
34. Kg5 gxf5 35. gxf5 Bxh6+ 36. Rxh6 c3 37. Kf6 c2 38. Rh4 c1=Q 0-1

[Event "SR 3. liga A2 2004/2005"]
[Site "?"]
[Date "2004.??.??"]
[Round "?"]
[White "Hagara, Vladimir"]
[Black "Racik, Marek"]
[Result "1/2-1/2"]
[WhiteElo "1980"]
[BlackElo "1665"]
[Annotator "Hlohovec jun. - Trnava B"]
[PlyCount "100"]
[EventDate "2004.??.??"]

1. d4 Nf6 2. c4 e6 3. Nc3 Bb4 4. e3 Bxc3+ 5. bxc3 c5 6. Bd3 Qa5 7. Bd2 Nc6 8.
Ne2 O-O 9. O-O Qc7 10. f3 b6 11. Rc1 Na5 12. Ng3 Ba6 13. Qe2 Rac8 14. e4 cxd4
15. cxd4 Bxc4 16. Bxa5 Bxd3 17. Qxd3 Qxc1 18. Rxc1 Rxc1+ 19. Nf1 bxa5 20. Qd2
Rfc8 21. Qxa5 R8c7 22. Kf2 g6 23. Ne3 Nh5 24. g3 Rb7 25. Ng4 Rb2+ 26. Ke3 Rcc2
27. Kd3 Rxa2 28. Qd8+ Kg7 29. Qe7 Rd2+ 30. Kc3 Rdc2+ 31. Kd3 Rd2+ 32. Kc4 d6
33. Qxd6 Ra4+ 34. Kc3 Raxd4 35. Qe5+ Kf8 36. Qb8+ Ke7 37. Qxa7+ Rd7 38. Qc5+
Ke8 39. Ne5 R7d6 40. Qc7 f6 41. Qf7+ Kd8 42. Nc4 R2d3+ 43. Kb4 Rd7 44. Qf8+ Kc7
45. Qc5+ Kd8 46. Qf8+ Kc7 47. Qc5+ $11 Kb8 48. Qf8+ Kc7 {pozicia 3x} 49. Qc5+
Kb8 50. Qf8+ Kc7 1/2-1/2